000 00618nam a2200241Ia 4500
003 OSt
005 20221007072748.0
006 a|||||r|||| 00| 0
007 ta
008 221006b |||||||| |||| 00| 0 eng d
024 _a24,820
037 _cTextual
040 _aFLL
_cFLL
_beng
041 _2eng
_aeng
082 _aZ3, H4
100 _aWilshere A.M.
_9690711
245 0 _aPrinciples of the common law
250 _a5th
260 _aLondon
_bSweet & Maxwell, Ltd. London
_c1944
300 _axxxii,1-475p
_ccm.
942 _hZ3, H4
_cTEXL
_2CC
999 _c1146913
_d1146913